000
00228 a2200097 4500
001
35333
100
_a
Nagrath I J
245
_a
Control Systems Engineering
260
_a
New Delhi
_b
Wiley Eastern Ltd
_c
090
_c
23365
_d
23365
942
_a
NUST-CAE
_c
M
_c
14853
999
_c
270406
_d
270406